| 000 | 00759nam a2200229Ia 4500 | ||
|---|---|---|---|
| 008 | 130821s2003 ck gr spa | ||
| 020 | _a9586702703 | ||
| 040 |
_aCo-BoUCM _bspa |
||
| 041 | 0 | 0 | _aspa |
| 060 | _aWH 460 | ||
| 100 | 1 |
_aDueñas, Victor Hugo _9163752 |
|
| 245 | 1 | 3 |
_aEl banco de sangre _cVictor Hugo Dueñas |
| 260 |
_aCali (Valle, Colombia) _bPrograma Editorial Universidad del Valle _c2003 |
||
| 300 | _a284 páginas | ||
| 490 | _aColección Ciencias Físicas, Exactas y Naturales. | ||
| 504 | _aIncluye bibliografía | ||
| 650 | 0 | 4 |
_aBancos de sangre _99930 |
| 650 | 0 | 4 |
_aConservación de la sangre _911654 |
| 650 | 0 | 4 |
_aHematología _9222 |
| 650 | 0 | 4 |
_aTransfusión de sangre _925673 |
| 942 |
_cLIBRO _a15 _e1 _mD852b _2NLM _hWH 460 _n0 |
||
| 999 |
_c53886 _d53886 |
||